| 000 | 00879cam a22002415a 4500 | ||
|---|---|---|---|
| 001 | L157552 | ||
| 008 | 130116s2009 xxkad f 000 0 eng d | ||
| 020 | _a9781904829973 | ||
| 035 | _a(Sirsi) u157552 | ||
| 041 | 0 | _aeng | |
| 050 | 0 | 4 | _a690.24 $2 18 |
| 110 | 2 |
_aBuilding Cost Information Service _91096 |
|
| 245 | 0 | 0 | _aOccupancy costs of primary schools |
| 260 |
_aLondon _bBCIS _c2010 |
||
| 300 |
_a93p. _c30cm. |
||
| 490 | 0 |
_aBCIS Special Report _vSeptember 2009 |
|
| 520 | _aProvides current occupancy benchmarks for two primary schools and shows the projected annual occupancy costs for the schemes. Includes projected annual expenditure charts and detailed estimates for individual elements and components. | ||
| 521 | _aAdvanced | ||
| 651 | 4 |
_aUnited Kingdom _y |
|
| 690 |
_aConstruction management _96230 |
||
| 690 |
_aFacilities management _96240 |
||
| 942 | _n0 | ||
| 999 |
_c114834 _d114834 |
||